| 000 | 01198nmm a2200325 a 4500 | ||
|---|---|---|---|
| 001 | ocm0001682863 | ||
| 003 | TR-IsHL | ||
| 005 | 20201028165806.0 | ||
| 008 | 171118s2015 tu tur | ||
| 007 | cr cn | ||
| 020 | _a9786052015049 | ||
| 035 |
_a1682863 _b(N$T) |
||
| 050 | 0 | 4 |
_aCC135 _b.Ö97 2015 |
| 090 | 0 | 4 |
_aCC135 _b.Ö97 2015 |
| 100 | 1 | _aÖztemiz, Semanur | |
| 245 | 1 | 0 |
_aTürkiye'de dijital kültürel miras ürünlerine açık erişim _h[electronic resource] / _cSemanur Öztemiz |
| 260 |
_aİstanbul : _bHiperyayın, _c2015 |
||
| 300 | _a176 p. | ||
| 500 |
_aKaynakça var. _x |
||
| 650 | 4 | _aKütüphanecilik | |
| 650 | 4 | _aLibrary Science | |
| 650 | 0 |
_aKütüphane materyalleri _x Dijitalleştirme |
|
| 650 | 0 |
_aLibrary materials _x Digitalization |
|
| 650 | 0 |
_aKültürel varlıklar _x Dijitalleştirme |
|
| 650 | 0 |
_aCultural assets _x Digitalization |
|
| 650 | 0 |
_aAçık erişim _x Kütüphane uygulamaları |
|
| 650 | 0 |
_aOpen access _x Library applications |
|
| 650 | 7 |
_aLANGUAGE ARTS & DISCIPLINES / Library & Information Science / General _2bisacsh |
|
| 856 | 4 | 0 | _uhttp://search.ebscohost.com/login.aspx?direct=true&scope=site&db=e011xww&AN=1682863 |
| 999 |
_c15962 _d15962 |
||